| 000 | 00609nam a22001097a 4500 | ||
|---|---|---|---|
| 040 | _cRUA | ||
| 082 | _aFAO MDG 2009 C332 Or. | ||
| 245 | _aFOOD SECURITY TREND ANALYSIS REPORT:CAMBODIA SOCIO-ECONOMIC SUGVEYS 2004 AND 2009,របាយការណ៍ស្តីអំពីការវិភាគនិន្នាការសន្តិសុខស្បៀង : ផ្អែកលើអង្កេតសេដ្ឋកិច្ច-សង្គមកិច្ចកម្ពុជា ២០០៤ និង ២០០៩ | ||
| 260 |
_aphnom penh _brua _c2009 |
||
| 300 |
_aviii.21p. _bill. _c29cm. |
||
| 942 | _cRE | ||
| 999 |
_c22035 _d22035 |
||